Essential Neuroscience (Record no. 29737)

MARC details
000 -LEADER
fixed length control field 00578nam a2200193Ia 4500
020 ## - INTERNATIONAL STANDARD BOOK NUMBER
ISBN 9781451189681
050 ## - CALL MARK
Classification number RC 343.6 .S54/
100 ## - STATEMENT OF RESPONSIBILITY--MAIN AUTHOR NAME
Personal name Siegel, Allan
245 #0 - TITLE STATEMENT
Title Essential Neuroscience
250 ## - EDITION / VOLUME STATEMENT
Edition / Volume statement 3rd ed.
260 ## - PUBLICATION, DISTRIBUTION, ETC. (IMPRINT)
Place of publication Baltimore
260 ## - PUBLICATION, DISTRIBUTION, ETC. (IMPRINT)
Name of publisher Lippincott Williams & Wilkins
260 ## - PUBLICATION, DISTRIBUTION, ETC. (IMPRINT)
Year of publication 2015
300 ## - PHYSICAL DESCRIPTION
Number of Pages 538 p
650 ## - SUBJECT ADDED ENTRY--TOPICAL TERM
Topical Term Nervous System Physiological Phenomena. Mental Disorders--physiopathology. Nervous System--anatomy & histology. Nervous System Diseases
942 ## - ADDED ENTRY ELEMENTS (KOHA)
Koha item type Books
Holdings
Withdrawn status Lost status Source of classification or shelving scheme Damaged status Not for loan Permanent Location Current Location Shelving location Date acquired Accession Number Price effective from Koha item type
    Library of Congress Classification     NILE UNIVERSITY OF NIGERIA - MAIN LIBRARY NILE UNIVERSITY OF NIGERIA - MAIN LIBRARY Items on shelf 04/23/2025 0188076 04/23/2025 Books